| 000 | 00353nam a22001457a 4500 | ||
|---|---|---|---|
| 999 |
_c8108 _d8108 |
||
| 003 | OSt | ||
| 005 | 20200804131525.0 | ||
| 008 | 200804b ||||| |||| 00| 0 eng d | ||
| 020 | _a9781138628533 | ||
| 082 |
_a304.2 _bHOW |
||
| 100 |
_aHoward, Peter, _d1944- |
||
| 245 | _aAn introduction to landscape | ||
| 260 |
_aLondon _bRoutledge _c2017 |
||
| 942 | _2ddc | ||